Aplicación de On Delay para prevención de incendios en negocios de mercados populares
Presenta una aplicación para puntualizar la sobrecarga en alimentadores eléctricos en comercios públicos de la capital y proponer un dispositivo para la protección de las instalaciones. La estrategia a considerar es temporizar cada negocio con un On Delay con tiempos de activación distintos, pa...
| Main Authors: | , |
|---|---|
| Other Authors: | |
| Format: | Tesis Section = Libro |
| Language: | Undetermined Spanish |
| Published: |
Managua
UNI
2017
|
| Subjects: |
| LEADER | 01207nam a2200265Ia 4500 | ||
|---|---|---|---|
| 008 | 240830s9999 xx 000 0 und d | ||
| 040 | |a BIBLIOTECA-RUSB/ Mon 621.3815 H557 | ||
| 041 | |a spa | ||
| 082 | |a Mon 621.3815 H557 | ||
| 100 | 1 | |a Hernández Vásquez, Cristopher David | |
| 100 | 1 | |b Jirón Bustos, Abner de Jesús | |
| 245 | 1 | 0 | |a Aplicación de On Delay para prevención de incendios en negocios de mercados populares |
| 260 | |a Managua |b UNI |c 2017 | ||
| 300 | |a 61 p. :il. | ||
| 500 | |a Contiene: anexos. | ||
| 502 | |a Tesis (Ingeniero Electrónico) - UNI, 2017. | ||
| 520 | 3 | |a Presenta una aplicación para puntualizar la sobrecarga en alimentadores eléctricos en comercios públicos de la capital y proponer un dispositivo para la protección de las instalaciones. La estrategia a considerar es temporizar cada negocio con un On Delay con tiempos de activación distintos, para no permitir que ondas transitorias perjudiquen las instalaciones. | |
| 650 | 7 | |a APLICACION ON DELAY | |
| 650 | 7 | |b COMUNICACION DE CIRCUITOS | |
| 650 | 7 | |c INCENDIOS | |
| 650 | 7 | |d CIRCUITOS INTEGRADOS | |
| 700 | 1 | |a Tutor: |b Arcia Lacayo, Ramiro Antonio | |
| 942 | |c BK |2 ddc | ||
| 991 | |a TESIS | ||
| 999 | |c 20248 | ||